| 000 | 01644cab a2200253 4500 | ||
|---|---|---|---|
| 001 | ABS58220 | ||
| 008 | 090401t1997 xxu||||| |||| 00| 0 eng d | ||
| 035 | _a(Sirsi) u83057 | ||
| 041 | _aeng | ||
| 245 | _aAtkinson and others v Lord (Listing Officer) | ||
| 260 | _c1997 | ||
| 350 | _a0 | ||
| 490 |
_aRating Appeals _v[1997] 12 RA 413-426(8) |
||
| 520 | _aCA 31 July 1997. The Council Tax (Situation and Valuation of Dwellings) Regulations 1992 regulation 7 provided that in the case of a dwelling which was part of a composite hereditament, the value of the dwelling shall be taken to be that portion of the relevant amount which could reasonably be attributed to domestic use of the dwelling. In valuing a farmhouse the listing officer determined the amount on this assumption. He established that farms in that price range sold for 10 per cent more when sold in several lots than when they were sold as one lot. The valuer subtracted 10 per cent from the lotted value of the farmhouse. The owner applied to the valuation tribunal to establish the relevant amount attributed to the dwelling. Held, that there is no requirement that the VO should determine the value of the property as a whole before allocating a value to the `domestic use` part and that it is enough that he have regard to it. Appeals dismissed. | ||
| 650 | _aCOMPOSITE HEREDITAMENT | ||
| 650 | _aCOUNCIL TAX (SITUATION AND VALUATION OF DWELLINGS) REGULATIONS 1992 | ||
| 650 | _aCOUNCIL TAX | ||
| 650 | _aFARMHOUSE | ||
| 650 | _aMETHOD OF VALUATION | ||
| 650 | _aVALUE | ||
| 690 | _aRATING AND VALUATION-CASE LAW | ||
| 942 | _n0 | ||
| 948 | _c13/01/1998 | ||
| 999 |
_c52469 _d52469 |
||